Eilandland-springen - Statistieken

Algemene statistieken
  • Deze quiz is 9 keer genomen
  • De gemiddelde score is 23 van 47
Antwoorden op de kaart
Antwoorden kleurgecodeerd door een groen-rode schaal op de quizkaart volgens % correct hieronder.
 
Antwoordstatistieken
Hint Antwoord % Correct
1728 km Cyprus
100%
0 km Ierland
100%
Startland IJsland
100%
2621 km Malta
100%
784 km Verenigd Koninkrijk
100%
1921 km Bahrein
63%
750 km Fiji
63%
840 km Filipijnen
63%
1500 km Indonesië
63%
115 km Japan
63%
340 km Kiribati
63%
3150 km Maldiven
63%
600 km Marshalleilanden
63%
580 km Micronesia
63%
300 km Nauru
63%
400 km Palau
63%
0 km (Langere grens) Papoea-Nieuw-Guinea
63%
2.5 km Salomonseilanden
63%
900 km Samoa
63%
725 km Sri Lanka
63%
100 km Taiwan
63%
150 km Vanuatu
63%
360 km Tonga
50%
1050 km Tuvalu
50%
3660 km Kaapverdië
38%
900 km Madagaskar
38%
9850 km Mauritius
38%
5550 km Nieuw-Zeeland
38%
4200 km São Tomé en Príncipe
38%
250 km Seychellen
38%
150 km Antigua en Barbuda
25%
55 km Bahama’s
25%
3680 km Barbados
25%
2300 km Brunei
25%
350 km Comoren
25%
85 km Cuba
25%
440 km Dominica
25%
600 km Dominicaanse Republiek
25%
10 km Grenada
25%
0 km Haïti
25%
440 km Jamaica
25%
2530 km Oost-Timor
25%
70 km Saint Kitts en Nevis
25%
150 km Saint Lucia
25%
40 km Saint Vincent en de Grenadines
25%
130 km Trinidad en Tobago
25%
1170 km Singapore
13%
Geen overeenkomende quizzen gevonden
Scoreverdeling
Procent van Mensen met Elke Score
Percentiel versus Aantal Correcte Antwoorden
Uw Scoregeschiedenis
U heeft deze quiz nog niet genomen